000
00315nam a22001457a 4500
008
210514b ||||| |||| 00| 0 eng d
020
_a
9780135034842
041
_a
eng
080
_a
37
082
_a
37
100
_a
46
101
_a
EDU
245
_a
Literacy in Context (LINC)
_c
Mimi Miller
942
_2
udc
_c
BK
999
_c
57356
_d
57356